000 00704nam a2200229Ia 4500
003 BUBTL
008 151213s9999 xx 000 0 und d
020 _a0-444-01619-8
082 _a005.13/COA
100 _aCody, Ronald P.Jefferey K.Smith
_93721
245 _aApplied Statistics and the SAS Programing Language
_cRonald P.Cody ,Jefferey K.Smith
250 _a3rd
260 _aNew York
_bNorth Holand
_cc1991
300 _a[xviii] , 403p . :
_bill . ; 23cm.
500 _aIncludes Index
650 _aComputer
_93722
650 _aComputer
_93722
700 _aRonald P.Cody ,Jefferey K.Smith
_93723
856 _k0
_l0
_yDownload
942 _2ddc
_cBK
999 _c2069
_d2069